000 00674cam a2200229 a 4500
001 000009214
005 20200929161524.0
008 000818s2000 ck 000 f spa d
020 _a9588061385
040 _aDO-SdBNP
_bspa
_cDLC
_dBNPHU
082 _aC863.44
_bJ37m
100 1 _aJaramillo Agudelo, Darío,
_d1947-
_910698
245 1 0 _aMemorias de un hombre feliz /
_cDarío Jaramillo Agudelo.
260 _aBogotá :
_bAlfaguara,
_c2000.
300 _a317 p. ;
_c22 cm.
650 4 _aNovela colombiana
_91243
650 4 _aLiteratura colombiana
_91244
650 4 _aAsesinato
_xNovela
_913593
910 _aCatalogación por copia / LC
910 _aWM
049 _aBNGR
999 _c8977
_d8977